Statistics for Muscles in the human body

Click here to take the quiz!

General Stats

  • This quiz has been taken 245 times
  • The average score is 5 of 12

Answer Stats

Muscle% Correct
Biceps
90%
Triceps
90%
Quadriceps
69%
Hamstrings
62%
Gluteus
50%
Trapezius
43%
Gastrocnemius
34%
Latissimus dorsi
33%
Pectoralis major
28%
Soleus
22%
Rectus abdominis
11%
Deltoideus
7%

Score Distribution

Percentile by Number Answered

Percent of People with Each Score

Your Score History

You have not taken this quiz